000
00343nam a2200157Ia 4500
100
_a
Warring/R.H
650
_a
Electrical Engineering
942
_c
BK
654
_a
Electronic
245
_a
Electronic Components Hand Book
260
_b
Tab books
_a
USA
_c
1983
082
_a
621.3
_b
War
300
_a
330
546
_a
ENGLISH
999
_c
34471
_d
34471